[Event "ENCI Limburg-open A"]
[Site "Maastricht"]
[Date "2009.06.01"]
[Round "6"]
[White "Klein, Felix"]
[Black "Lenhardt, Manfred"]
[Result "1/2-1/2"]
[WhiteElo "2288"]
[BlackElo "2148"]
[PlyCount "71"]
[EventDate "2009.05.29"]
[EventType "swiss"]
[EventRounds "7"]
[EventCountry "NED"]
[Source "P.Boonen"]
[SourceDate "2010.01.01"]

1. e4 e6 2. d4 d5 3. Nc3 Bb4 4. e5 c5 5. a3 Ba5 6. b4 cxd4 7. Nb5 Bc7 8. Nf3
Bd7 9. Nxc7+ Qxc7 10. Bd3 Ne7 11. O-O Ba4 12. Bb2 Nbc6 13. Nxd4 Nxd4 14. Bxd4
Nc6 15. Bb2 Nxe5 16. Qh5 Nxd3 17. cxd3 O-O 18. Rae1 f6 19. Rxe6 Qf7 20. Qe2
Rfe8 21. Re3 Rac8 22. Bd4 Rxe3 23. fxe3 a6 24. Qg4 Qd7 25. Qg3 Bb5 26. h3 Bxd3
27. Rxf6 Be4 28. Rf2 h6 29. Kh2 Rc2 30. Rxc2 Bxc2 31. Qe5 Be4 32. a4 Qf7 33. a5
h5 34. Qg5 Kh7 35. h4 Qg6 36. Qxg6+ 1/2-1/2

[Event "ENCI Limburg-open A"]
[Site "Maastricht"]
[Date "2009.06.01"]
[Round "6"]
[White "Klimov, Sergey"]
[Black "Berg, Emanuel"]
[Result "0-1"]
[WhiteElo "2521"]
[BlackElo "2610"]
[PlyCount "80"]
[EventDate "2009.05.29"]
[EventType "swiss"]
[EventRounds "7"]
[EventCountry "NED"]
[Source "P.Boonen"]
[SourceDate "2010.01.01"]

1. d4 f5 2. g3 Nf6 3. Bg2 g6 4. Nh3 Bg7 5. Nf4 Nc6 6. c4 d6 7. d5 Ne5 8. Qc2 c5
9. Nd2 Qa5 10. a4 O-O 11. O-O Rb8 12. Ra3 Qc7 13. b3 b6 14. Bb2 a6 15. Nf3
Nxf3+ 16. exf3 b5 17. cxb5 axb5 18. axb5 Rxb5 19. Re1 Rb7 20. Bf1 Ra7 21. Rxa7
Qxa7 22. Bc4 Bh6 23. Ne6 Bxe6 24. Rxe6 Bg7 25. Qe2 Rf7 26. g4 Qa2 27. Bxf6 Qxe2
28. Rxe2 Bxf6 29. Kg2 Be5 30. Ra2 Kg7 31. Ra8 Bd4 32. g5 Be5 33. h4 h6 34.
gxh6+ Kxh6 35. Bb5 g5 36. Kh3 Bd4 37. Rg8 gxh4 38. Rg2 Bf6 39. Be8 Rf8 40. Rg6+
Kh7 0-1

[Event "ENCI Limburg-open A"]
[Site "Maastricht"]
[Date "2009.06.01"]
[Round "6"]
[White "Kuipers, Stefan"]
[Black "Smits, Sebastiaan"]
[Result "1/2-1/2"]
[WhiteElo "2343"]
[BlackElo "2157"]
[PlyCount "126"]
[EventDate "2009.05.29"]
[EventType "swiss"]
[EventRounds "7"]
[EventCountry "NED"]
[Source "P.Boonen"]
[SourceDate "2010.01.01"]

1. e4 c5 2. Nf3 d6 3. d4 cxd4 4. Nxd4 Nf6 5. Nc3 Nc6 6. Bg5 e6 7. f3 Be7 8. Qd2
h6 9. Be3 O-O 10. O-O-O d5 11. exd5 Nxd5 12. Nxd5 Qxd5 13. Nb3 Qxd2+ 14. Rxd2
e5 15. Bb5 Bf5 16. Bxc6 bxc6 17. Bc5 Bg5 18. Bxf8 Kxf8 19. Re1 f6 20. Na5 Rd8
21. Ree2 Rxd2 22. Rxd2 Bd7 23. c4 Ke7 24. b4 Bxd2+ 25. Kxd2 Kd6 26. Nb7+ Kc7
27. Nc5 Bc8 28. a4 a6 29. Ke3 f5 30. h4 h5 31. g3 Kd6 32. a5 Kc7 33. Nd3 Kd6
34. Nc5 Kc7 35. f4 e4 36. Kd4 Kd6 37. Na4 Bd7 38. Nc5 Bc8 39. Na4 Bd7 40. Nb2
Bc8 41. Nd1 Bd7 42. Nf2 Bc8 43. Nh3 Bd7 44. Ng5 Be8 45. c5+ Ke7 46. Ke5 Bd7 47.
Nh3 Bc8 48. Ng1 Bd7 49. Ne2 Bc8 50. Nd4 Bd7 51. Nc2 Bc8 52. Ne3 Be6 53. Nc2 Bc8
54. Nd4 Bd7 55. Ne2 Bc8 56. Nc3 Bd7 57. b5 axb5 58. a6 Bc8 59. a7 Bb7 60. Kxf5
e3 61. Ke4 Ke6 62. Kxe3 b4 63. Na4 Kd5 1/2-1/2

[Event "ENCI Limburg-open A"]
[Site "Maastricht"]
[Date "2009.06.01"]
[Round "6"]
[White "Laarhoven, Thijs"]
[Black "Dambacher, Martijn"]
[Result "1/2-1/2"]
[WhiteElo "2227"]
[BlackElo "2486"]
[PlyCount "99"]
[EventDate "2009.05.29"]
[EventType "swiss"]
[EventRounds "7"]
[EventCountry "NED"]
[Source "P.Boonen"]
[SourceDate "2010.01.01"]

1. e4 c5 2. Nf3 e6 3. d4 cxd4 4. Nxd4 a6 5. Be2 Nf6 6. Nc3 Qc7 7. a3 b5 8. O-O
Bb7 9. Qd3 d6 10. f4 Nbd7 11. Bf3 g6 12. Kh1 Rc8 13. Bd2 e5 14. Nde2 Bg7 15.
Rad1 Nc5 16. Qe3 O-O 17. fxe5 dxe5 18. Bc1 Rfe8 19. Rfe1 Bf8 20. b4 Ncd7 21.
Qf2 Qb8 22. Rd3 Rc4 23. Red1 Qc7 24. Qh4 Bg7 25. Bg5 h5 26. Qh3 Nf8 27. Qh4
N8h7 28. Be3 Bf8 29. Qf2 Be7 30. Rf1 Bc6 31. Qg3 a5 32. bxa5 Qxa5 33. Qxe5 Bxa3
34. Qg3 Bxe4 35. Nxe4 Nxe4 36. Bxe4 Rcxe4 37. Nf4 Qc7 38. Rxa3 h4 39. Qf2 Nf6
40. Nd5 Nxd5 41. Ra7 Rf4 42. Bxf4 Qxf4 43. Qg1 Qe5 44. Rfxf7 Ne7 45. Rf3 Nf5
46. Qf1 Qd4 47. Ra1 Qe5 48. Ra7 Qd4 49. Ra1 Qe5 50. Ra7 1/2-1/2

[Event "ENCI Limburg-open A"]
[Site "Maastricht"]
[Date "2009.06.01"]
[Round "6"]
[White "Lafosse, Jimmy"]
[Black "Van Gool, Henk"]
[Result "0-1"]
[WhiteElo "2039"]
[BlackElo "2125"]
[PlyCount "92"]
[EventDate "2009.05.29"]
[EventType "swiss"]
[EventRounds "7"]
[EventCountry "NED"]
[Source "P.Boonen"]
[SourceDate "2010.01.01"]

1. f4 d5 2. Nf3 g6 3. g3 Bg7 4. Bg2 c6 5. O-O Qb6+ 6. d4 Nh6 7. c3 Nd7 8. Na3
Nf5 9. Nc2 Nf6 10. e3 Nd6 11. Nb4 Bf5 12. Nd3 h5 13. Nde5 Be4 14. Bh3 Bf5 15.
Bg2 Be4 16. Bh3 Bxf3 17. Rxf3 e6 18. b3 Nfe4 19. Qc2 g5 20. Rf1 g4 21. Bg2 h4
22. Bxe4 Nxe4 23. Nxg4 hxg3 24. hxg3 Nxg3 25. Rf3 Ne4 26. Nf2 Nxf2 27. Rxf2
O-O-O 28. Rg2 Rdg8 29. Bb2 Qd8 30. Qf2 Bf6 31. Kf1 Bh4 32. Qf3 Rxg2 33. Qxg2
Rg8 34. Qh1 Rg4 35. Rd1 Qg8 36. Rd2 Qg6 37. Bc1 Be1 38. Rg2 Bxc3 39. Rxg4 Qxg4
40. Kf2 Qg6 41. Ba3 Qc2+ 42. Kg3 Qe2 43. Qh8+ Kd7 44. Qe5 Be1+ 45. Kh3 Qf3+ 46.
Kh2 Bg3+ 0-1

[Event "ENCI Limburg-open A"]
[Site "Maastricht"]
[Date "2009.06.01"]
[Round "6"]
[White "Lambrechts, Koen"]
[Black "Pedersen, Nicolai Vesterbaek"]
[Result "0-1"]
[WhiteElo "2174"]
[BlackElo "2417"]
[PlyCount "112"]
[EventDate "2009.05.29"]
[EventType "swiss"]
[EventRounds "7"]
[EventCountry "NED"]
[Source "P.Boonen"]
[SourceDate "2010.01.01"]

1. e4 e5 2. Nf3 Nc6 3. d4 exd4 4. Nxd4 Nf6 5. Nxc6 bxc6 6. e5 Qe7 7. Qe2 Nd5 8.
c4 Nb6 9. b3 a5 10. Bb2 a4 11. Nd2 Qe6 12. Qe3 axb3 13. axb3 Rxa1+ 14. Bxa1 Qg6
15. Qe4 Bb4 16. Qxg6 hxg6 17. Kd1 O-O 18. Bd3 d5 19. exd6 cxd6 20. Kc2 d5 21.
h4 Rd8 22. Rd1 Be6 23. Bc3 dxc4 24. Nxc4 Bxc3 25. Kxc3 Nd5+ 26. Kc2 Nb4+ 27.
Kc3 Nd5+ 28. Kc2 Ra8 29. Kb2 Nb4 30. Bb1 c5 31. g3 Kf8 32. Re1 Rb8 33. Kc3 Nc6
34. Bxg6 Bxc4 35. Kxc4 Na5+ 36. Kxc5 Nxb3+ 37. Kc4 fxg6 38. Rh1 Nd2+ 39. Kd3
Rd8+ 40. Ke2 Ne4 41. h5 gxh5 42. Rxh5 Kf7 43. Ra5 Rd7 44. g4 Nf6 45. f3 Nd5 46.
Kf2 Nc7 47. Kg3 Ne6 48. Rf5+ Kg6 49. Re5 Ng5 50. Re3 Kf6 51. f4 Ne6 52. g5+ Kf7
53. Kg4 Rd4 54. Kg3 g6 55. Rf3 Ng7 56. Ra3 Nh5+ 0-1

[Event "ENCI Limburg-open A"]
[Site "Maastricht"]
[Date "2009.06.01"]
[Round "6"]
[White "Larmuseau, Maarten"]
[Black "Braun, Christian1"]
[Result "1-0"]
[WhiteElo "2085"]
[BlackElo "2333"]
[PlyCount "185"]
[EventDate "2009.05.29"]
[EventType "swiss"]
[EventRounds "7"]
[EventCountry "NED"]
[Source "P.Boonen"]
[SourceDate "2010.01.01"]

1. e4 g6 2. Nc3 Bg7 3. f4 d6 4. Nf3 c6 5. Bc4 Nf6 6. Bb3 O-O 7. d4 Bg4 8. h3
Bc8 9. e5 dxe5 10. fxe5 Nd5 11. Ne4 a5 12. c3 Na6 13. O-O f5 14. exf6 exf6 15.
c4 Ne7 16. c5+ Nd5 17. Nd6 b6 18. Be3 Be6 19. Bf2 b5 20. Re1 Qd7 21. Nd2 a4 22.
Bc2 Nab4 23. a3 Nxc2 24. Qxc2 Nc7 25. Bg3 Bd5 26. Nb1 Bb3 27. Qd2 Nd5 28. Nc3
Ra7 29. Re2 f5 30. Rae1 f4 31. Nxd5 fxg3 32. Re7 Bxd5 33. Rxd7 Rxd7 34. Qe3
Rdd8 35. Re2 Bc4 36. Re1 Rf2 37. Nxc4 bxc4 38. Qxg3 Bxd4 39. Kh1 Rdf8 40. Qd6
Bxb2 41. Qe6+ R2f7 42. Qxc4 Bxa3 43. Re2 Rb8 44. Re7 Rbf8 45. Rb7 h5 46. h4
Bxc5 47. Rxf7 Rxf7 48. Qxc5 Rf6 49. Kg1 Rf4 50. Qxc6 Rg4 51. Qf6 a3 52. Kh2 a2
53. Kh3 a1=Q 54. Qxa1 Rf4 55. g3 Rf5 56. Qa7 Rf7 57. Qd4 Rf5 58. Qc3 Rf7 59.
Qc6 Kg7 60. g4 hxg4+ 61. Kxg4 Rf5 62. Qe6 Kh7 63. Qe7+ Kh6 64. Qd7 Rf8 65. Qd2+
Kg7 66. h5 gxh5+ 67. Kg5 Rf7 68. Qd6 h4 69. Qe5+ Kh7 70. Kxh4 Kg6 71. Qg5+ Kh7
72. Qh5+ Kg7 73. Qe5+ Kh7 74. Qe6 Kg7 75. Kg5 Kf8 76. Qe5 Re7 77. Qh8+ Kf7 78.
Kf5 Rd7 79. Qh7+ Ke8 80. Qg8+ Ke7 81. Ke5 Rc7 82. Qg7+ Kd8 83. Qf8+ Kd7 84. Kd5
Rb7 85. Qf7+ Kc8 86. Qe8+ Kc7 87. Kc5 Ra7 88. Qe7+ Kb8 89. Qd8+ Kb7 90. Kb5 Ra1
91. Qd5+ Kc8 92. Qg8+ Kb7 93. Qg7+ 1-0

[Event "ENCI Limburg-open A"]
[Site "Maastricht"]
[Date "2009.06.01"]
[Round "6"]
[White "Mengerink, Ynze"]
[Black "Vrancken, Gilbert"]
[Result "1/2-1/2"]
[WhiteElo "2025"]
[BlackElo "2094"]
[PlyCount "112"]
[EventDate "2009.05.29"]
[EventType "swiss"]
[EventRounds "7"]
[EventCountry "NED"]
[Source "P.Boonen"]
[SourceDate "2010.01.01"]

1. e4 c5 2. Nc3 Nc6 3. Bb5 g6 4. Bxc6 bxc6 5. d4 Bg7 6. dxc5 Qa5 7. Nge2 Qxc5
8. Be3 Qa5 9. Bd4 Nf6 10. e5 Nd5 11. e6 Nf6 12. exd7+ Bxd7 13. Qd2 Rd8 14. Ne4
Qxd2+ 15. Nxd2 Bf5 16. O-O-O Rd5 17. Nc4 c5 18. Bc3 O-O 19. Rxd5 Nxd5 20. Bxg7
Kxg7 21. a3 Nb6 22. Ne3 Bd7 23. Nf4 Rc8 24. Rd1 e6 25. Nd3 c4 26. Ne5 Ba4 27.
Rd4 Bb5 28. a4 Bxa4 29. N5xc4 Nxc4 30. Rxc4 Rxc4 31. Nxc4 Kf6 32. Kd2 Bc6 33.
f3 e5 34. Na5 Ba8 35. Ke3 e4 36. fxe4 Ke6 37. g3 h5 38. Kf4 f6 39. h4 g5+ 40.
hxg5 fxg5+ 41. Kxg5 Bxe4 42. c4 Ke5 43. b4 Bf3 44. c5 a6 45. Nb3 Bd1 46. Na5
Bf3 47. c6 Kd6 48. Nb3 Bg4 49. Nc5 Kxc6 50. Nxa6 Kb5 51. Nc7+ Kxb4 52. Ne8 Kc5
53. Nf6 Bf3 54. Nxh5 Kd6 55. Kf6 Bxh5 56. g4 Bxg4 1/2-1/2

[Event "ENCI Limburg-open A"]
[Site "Maastricht"]
[Date "2009.06.01"]
[Round "6"]
[White "Nabuurs, Joep"]
[Black "Noiroux, Kevin"]
[Result "1-0"]
[WhiteElo "2227"]
[BlackElo "2137"]
[PlyCount "67"]
[EventDate "2009.05.29"]
[EventType "swiss"]
[EventRounds "7"]
[EventCountry "NED"]
[Source "P.Boonen"]
[SourceDate "2010.01.01"]

1. e4 d5 2. exd5 Qxd5 3. Nc3 Qa5 4. d4 Nf6 5. Nf3 c6 6. Bc4 Bf5 7. Bd2 e6 8.
Nd5 Qd8 9. Nxf6+ gxf6 10. c3 Nd7 11. Qe2 Nb6 12. Bb3 Nd5 13. Nh4 Bg6 14. c4 Nb4
15. Nxg6 hxg6 16. g3 Na6 17. Bc3 Be7 18. O-O-O Qc7 19. a3 O-O-O 20. h4 c5 21.
d5 e5 22. h5 Qd7 23. Bc2 Rdg8 24. hxg6 Rxh1 25. Rxh1 fxg6 26. Rh6 f5 27. Kb1
Bg5 28. Rh1 e4 29. g4 Rf8 30. gxf5 gxf5 31. f3 exf3 32. Qxf3 f4 33. Rh7 Be7 34.
Be5 1-0

[Event "ENCI Limburg-open A"]
[Site "Maastricht"]
[Date "2009.06.01"]
[Round "6"]
[White "Oosterman, Maarten Jan"]
[Black "Breuker, Dennis M"]
[Result "0-1"]
[WhiteElo "2005"]
[BlackElo "2081"]
[PlyCount "96"]
[EventDate "2009.05.29"]
[EventType "swiss"]
[EventRounds "7"]
[EventCountry "NED"]
[Source "P.Boonen"]
[SourceDate "2010.01.01"]

1. e4 e5 2. Nf3 Nc6 3. d4 exd4 4. Nxd4 Nf6 5. Nxc6 bxc6 6. e5 Qe7 7. Qe2 Nd5 8.
c4 Nb6 9. g3 Qe6 10. b3 Bb4+ 11. Bd2 Bxd2+ 12. Nxd2 O-O 13. Bg2 Re8 14. f4 d5
15. O-O Ba6 16. Nf3 c5 17. Ng5 Qg6 18. Qd2 h6 19. Nf3 dxc4 20. Qa5 Nd7 21. Rfd1
Qb6 22. Qc3 Rad8 23. bxc4 Qb4 24. Qxb4 cxb4 25. Nd4 Nb6 26. c5 Na4 27. Bc6 Nc3
28. Bxe8 Nxd1 29. Bxf7+ Kxf7 30. Rxd1 Bc4 31. Rd2 Rd5 32. Kf2 Rxc5 33. Rc2 a5
34. Nb3 Bxb3 35. Rxc5 Bxa2 36. Rxc7+ Ke6 37. Ra7 b3 38. Rxa5 b2 39. Rb5 b1=Q
40. Rxb1 Bxb1 41. Kf3 Ba2 42. Ke4 Bd5+ 43. Kd4 Bf3 44. h4 Kf5 45. Kc5 Kg4 46.
Kd6 Kxg3 47. f5 Kxh4 48. Ke7 Kg5 0-1

[Event "ENCI Limburg-open A"]
[Site "Maastricht"]
[Date "2009.06.01"]
[Round "6"]
[White "Op den Kelder, Joram"]
[Black "Koenig, Christian"]
[Result "1-0"]
[WhiteElo "2265"]
[BlackElo "2140"]
[PlyCount "61"]
[EventDate "2009.05.29"]
[EventType "swiss"]
[EventRounds "7"]
[EventCountry "NED"]
[Source "P.Boonen"]
[SourceDate "2010.01.01"]

1. Nf3 b6 2. d4 Bb7 3. c4 e6 4. Nc3 Bb4 5. Qb3 a5 6. a3 a4 7. Qc2 Bxc3+ 8. Qxc3
Nf6 9. Bg5 d6 10. e3 Nbd7 11. Be2 Ra5 12. Bxf6 Nxf6 13. O-O Qa8 14. Ne1 Rg5 15.
f3 h5 16. e4 h4 17. Qe3 Rg6 18. Nd3 Qa5 19. Rac1 Nh5 20. c5 bxc5 21. dxc5 Ba6
22. e5 Rgh6 23. cxd6 cxd6 24. Qa7 O-O 25. Nb4 Qxe5 26. Bxa6 Qxb2 27. Qe3 Rg6
28. Rf2 Qf6 29. Nd3 d5 30. Qe5 h3 31. Qxh5 1-0

[Event "ENCI Limburg-open A"]
[Site "Maastricht"]
[Date "2009.06.01"]
[Round "6"]
[White "Pedersen, Lars Erik"]
[Black "Simenon, Stefan"]
[Result "1-0"]
[WhiteElo "2049"]
[BlackElo "2109"]
[PlyCount "39"]
[EventDate "2009.05.29"]
[EventType "swiss"]
[EventRounds "7"]
[EventCountry "NED"]
[Source "P.Boonen"]
[SourceDate "2010.01.01"]

1. e4 e6 2. d3 d5 3. Nd2 c5 4. g3 Nc6 5. Bg2 b6 6. Ngf3 Bb7 7. O-O g6 8. Re1
Nge7 9. exd5 exd5 10. d4 c4 11. Nxc4 dxc4 12. d5 Bg7 13. Bg5 f6 14. dxc6 Bxc6
15. Qe2 O-O 16. Rad1 Qc8 17. Qxc4+ Bd5 18. Qxc8 Raxc8 19. Rxe7 Bxf3 20. Rdd7
1-0

[Event "ENCI Limburg-open A"]
[Site "Maastricht"]
[Date "2009.06.01"]
[Round "6"]
[White "Reyniers, Pieter"]
[Black "Schiffers, Sascha"]
[Result "1/2-1/2"]
[WhiteElo "2029"]
[BlackElo "2139"]
[PlyCount "63"]
[EventDate "2009.05.29"]
[EventType "swiss"]
[EventRounds "7"]
[EventCountry "NED"]
[Source "P.Boonen"]
[SourceDate "2010.01.01"]

1. e4 e5 2. Nf3 Nc6 3. Bb5 Nf6 4. O-O Nxe4 5. Re1 Nd6 6. Nxe5 Nxe5 7. Rxe5+ Be7
8. Bd3 O-O 9. Nc3 Bf6 10. Re1 c6 11. b3 g6 12. Ba3 Ne8 13. Bxf8 Kxf8 14. Ne4
Bg7 15. c3 d5 16. Ng3 Nc7 17. Qf3 Ne6 18. Ne2 Kg8 19. Nf4 Qg5 20. Nxe6 Bxe6 21.
Qe2 d4 22. c4 Bf8 23. g3 Qd8 24. f4 Qd7 25. Qf2 Rd8 26. f5 gxf5 27. Rf1 Bh6 28.
Bxf5 Bxf5 29. Qxf5 Qxf5 30. Rxf5 Bxd2 31. Kf2 Rd7 32. Rf3 1/2-1/2

[Event "ENCI Limburg-open A"]
[Site "Maastricht"]
[Date "2009.06.01"]
[Round "6"]
[White "Richter, Goetz"]
[Black "Ranucci, Marcello"]
[Result "0-1"]
[WhiteElo "2064"]
[BlackElo "1950"]
[PlyCount "22"]
[EventDate "2009.05.29"]
[EventType "swiss"]
[EventRounds "7"]
[EventCountry "NED"]
[Source "P.Boonen"]
[SourceDate "2010.01.01"]

1. e4 e5 2. Nf3 Nc6 3. d4 exd4 4. Nxd4 Bc5 5. Nxc6 Qf6 6. Qd2 dxc6 7. Bd3 Be6
8. O-O O-O-O 9. Nc3 h5 10. Na4 Bd6 11. f4 Qd4+ 0-1

[Event "ENCI Limburg-open A"]
[Site "Maastricht"]
[Date "2009.06.01"]
[Round "6"]
[White "Schlawin, Marlon"]
[Black "Verstraeten, Reinaert"]
[Result "1-0"]
[WhiteElo "2316"]
[BlackElo "1993"]
[PlyCount "73"]
[EventDate "2009.05.29"]
[EventType "swiss"]
[EventRounds "7"]
[EventCountry "NED"]
[Source "P.Boonen"]
[SourceDate "2010.01.01"]

1. e4 c5 2. Nf3 d6 3. Bb5+ Nd7 4. d4 cxd4 5. Qxd4 Ngf6 6. Bg5 e6 7. Nbd2 a6 8.
Be2 Be7 9. a4 Qc7 10. O-O O-O 11. a5 Qc5 12. Rfd1 h6 13. Be3 Ng4 14. Qxc5 dxc5
15. Bf4 g5 16. Bg3 h5 17. Nc4 Nh6 18. Bd6 Bxd6 19. Nxd6 g4 20. Nd2 Ne5 21. Nb3
c4 22. Nxc4 Nxc4 23. Bxc4 Rb8 24. Rd6 Kg7 25. Rad1 f5 26. Bxe6 fxe4 27. Nc5 Nf5
28. Rd8 Bxe6 29. Nxe6+ Kf7 30. Nxf8 Rxd8 31. Rxd8 Ke7 32. Rb8 e3 33. fxe3 Nxe3
34. Ng6+ Kf6 35. Nf4 Kg5 36. Ne6+ Kf6 37. Nd4 1-0

[Event "ENCI Limburg-open A"]
[Site "Maastricht"]
[Date "2009.06.01"]
[Round "6"]
[White "Schleipfenbauer, Frank"]
[Black "Heltzel, Joost"]
[Result "0-1"]
[WhiteElo "2040"]
[BlackElo "2267"]
[PlyCount "110"]
[EventDate "2009.05.29"]
[EventType "swiss"]
[EventRounds "7"]
[EventCountry "NED"]
[Source "P.Boonen"]
[SourceDate "2010.01.01"]

1. e4 c5 2. Nf3 g6 3. d4 cxd4 4. Nxd4 Nc6 5. Nxc6 bxc6 6. Qd4 Nf6 7. Nc3 Qb6 8.
Be3 Qxd4 9. Bxd4 Bg7 10. Bd3 O-O 11. h3 d6 12. Ne2 c5 13. Bc3 Bb7 14. f3 Nd7
15. Bxg7 Kxg7 16. Nc3 Ne5 17. O-O-O f5 18. exf5 gxf5 19. Rhe1 Kf6 20. Bf1 f4
21. Bd3 Nxd3+ 22. Rxd3 Rg8 23. Rd2 Rg6 24. Rde2 e5 25. Rd2 Ke7 26. Ne4 Rag8 27.
Nxc5 dxc5 28. Rxe5+ Re6 29. Rxc5 Re1+ 30. Rd1 Rxd1+ 31. Kxd1 Kd6 32. Rf5 Rxg2
33. Rxf4 Rg3 34. Ke2 Rxh3 35. Rf7 Kc6 36. Rf6+ Kc5 37. Rf7 Kb6 38. Rf6+ Kc5 39.
Rf5+ Kb6 40. Rf6+ Bc6 41. Ke3 h5 42. b4 Rh4 43. a3 a5 44. bxa5+ Kc7 45. Rf7+
Kb8 46. Rh7 Rh3 47. Rf7 Rh2 48. c3 h4 49. Kf4 Rc2 50. Kg4 Rxc3 51. Kxh4 Bxf3
52. a6 Rxa3 53. a7+ Ka8 54. Kg3 Bb7+ 55. Kf4 Rf3+ 0-1

[Event "ENCI Limburg-open A"]
[Site "Maastricht"]
[Date "2009.06.01"]
[Round "6"]
[White "Schut, Lisa"]
[Black "Bitalzadeh, Ali"]
[Result "0-1"]
[WhiteElo "2196"]
[BlackElo "2417"]
[PlyCount "70"]
[EventDate "2009.05.29"]
[EventType "swiss"]
[EventRounds "7"]
[EventCountry "NED"]
[Source "P.Boonen"]
[SourceDate "2010.01.01"]

1. e4 c5 2. Nf3 d6 3. d4 cxd4 4. Nxd4 Nf6 5. Nc3 Nc6 6. Bc4 Bd7 7. O-O g6 8.
Nxc6 Bxc6 9. Nd5 Bg7 10. Bg5 Bxd5 11. exd5 O-O 12. Re1 a6 13. Qd2 Re8 14. Re2
Qd7 15. Bb3 Rac8 16. a4 b5 17. h3 Qb7 18. axb5 axb5 19. Ree1 Kf8 20. Be3 Ra8
21. Bd4 Kg8 22. Kh2 Rxa1 23. Rxa1 Ne4 24. Qe3 Bxd4 25. Qxd4 Nc5 26. Qb4 Rc8 27.
Ra5 Rb8 28. Qa3 Qb6 29. Ra8 Rxa8 30. Qxa8+ Kg7 31. f3 Nxb3 32. cxb3 Qe3 33. Qb7
Qxb3 34. Kh1 Qxb2 35. Qxe7 Qa1+ 0-1

[Event "ENCI Limburg-open A"]
[Site "Maastricht"]
[Date "2009.06.01"]
[Round "6"]
[White "Serbu, Eli"]
[Black "Schaeken, Yordi"]
[Result "0-1"]
[WhiteElo "2180"]
[BlackElo "2023"]
[PlyCount "152"]
[EventDate "2009.05.29"]
[EventType "swiss"]
[EventRounds "7"]
[EventCountry "NED"]
[Source "P.Boonen"]
[SourceDate "2010.01.01"]

1. e4 c5 2. c3 d5 3. exd5 Qxd5 4. d4 g6 5. Nf3 cxd4 6. cxd4 Nf6 7. Nc3 Qa5 8.
Bc4 Bg7 9. O-O O-O 10. Re1 Qc7 11. Bb3 Bg4 12. Be3 Nc6 13. h3 Bxf3 14. Qxf3
Rad8 15. Red1 Na5 16. Bc2 Nc4 17. Bf4 Qc8 18. Rab1 a6 19. d5 b5 20. a3 Rd7 21.
Bb3 Nh5 22. Rdc1 Nxf4 23. Qxf4 Qb8 24. Qg4 Rc7 25. Bxc4 Rxc4 26. Qe2 Qd6 27.
Nd1 Qxd5 28. Qxe7 Re4 29. Ne3 Qa8 30. Qc7 Bd4 31. Qc6 Bxe3 32. Qxa8 Bxf2+ 33.
Kxf2 Rxa8 34. Rc6 Ra7 35. Rd1 b4 36. Rdd6 bxa3 37. bxa3 Ra4 38. Rd3 Rb7 39. Rf3
Re7 40. Kg3 h5 41. Kf2 Kg7 42. Rb6 Re6 43. Rxe6 fxe6 44. Ke2 e5 45. Kd2 e4 46.
Rc3 Kf6 47. Ke3 Kg5 48. g3 Kf5 49. Rc5+ Ke6 50. Rc3 Kd5 51. g4 hxg4 52. hxg4 g5
53. Kd2 Kd4 54. Rg3 Rc4 55. Rb3 e3+ 56. Ke2 Rc2+ 57. Ke1 Rc3 58. Rb8 Rxa3 59.
Rg8 Kd3 60. Rd8+ Ke4 61. Rf8 Ra1+ 62. Ke2 Ra2+ 63. Ke1 Rg2 64. Rf6 Rxg4 65.
Rxa6 Kf3 66. Rf6+ Rf4 67. Rg6 g4 68. Kf1 e2+ 69. Ke1 Re4 70. Rf6+ Kg2 71. Rh6
g3 72. Rh7 Kf3 73. Rg7 g2 74. Rf7+ Rf4 75. Rg7 Rg4 76. Rf7+ Kg3 0-1

[Event "ENCI Limburg-open A"]
[Site "Maastricht"]
[Date "2009.06.01"]
[Round "6"]
[White "Simenon, Jozef"]
[Black "Nabuurs, Mart"]
[Result "0-1"]
[WhiteElo "2213"]
[BlackElo "2108"]
[PlyCount "84"]
[EventDate "2009.05.29"]
[EventType "swiss"]
[EventRounds "7"]
[EventCountry "NED"]
[Source "P.Boonen"]
[SourceDate "2010.01.01"]

1. g3 d5 2. c4 c6 3. Nf3 dxc4 4. Bg2 b5 5. O-O g6 6. a4 Bb7 7. Nc3 a6 8. b3 b4
9. Ne4 Bg7 10. Rb1 cxb3 11. Nc5 Qb6 12. d4 Nf6 13. a5 Qb5 14. Qxb3 Nd5 15. Bd2
Bc8 16. e4 Nc7 17. Bxb4 Nd7 18. Qa3 Rb8 19. Nd2 Bh6 20. Nxd7 Bxd7 21. Bc3 Bxd2
22. Rxb5 Nxb5 23. Qc5 Bxc3 24. Qe5 O-O 25. Qxe7 Rbd8 26. d5 cxd5 27. exd5 Bxa5
28. Qf6 Ra8 29. h4 Bc3 30. Qe7 Rad8 31. Qc5 a5 32. Rb1 Bb4 33. Rxb4 axb4 34.
Qxb4 h5 35. Qe7 Nd4 36. Qf6 Nf5 37. Kh2 Ng7 38. Bf3 Bg4 39. Be4 Bf5 40. Bf3 Rd7
41. Kg1 Rfd8 42. Qc3 Rd6 0-1

[Event "ENCI Limburg-open A"]
[Site "Maastricht"]
[Date "2009.06.01"]
[Round "6"]
[White "Solodovnichenko, Yuri"]
[Black "Becker, Martin Alexander"]
[Result "1-0"]
[WhiteElo "2564"]
[BlackElo "2350"]
[PlyCount "71"]
[EventDate "2009.05.29"]
[EventType "swiss"]
[EventRounds "7"]
[EventCountry "NED"]
[Source "P.Boonen"]
[SourceDate "2010.01.01"]

1. e4 c5 2. Nf3 d6 3. d4 cxd4 4. Nxd4 Nf6 5. Nc3 a6 6. Be3 e5 7. Nb3 Be6 8. Qd2
Nbd7 9. O-O-O b5 10. f3 Rc8 11. g4 Nb6 12. Qf2 Nfd7 13. Nd5 Bxd5 14. exd5 Nc4
15. g5 g6 16. Nd2 Qa5 17. Nxc4 bxc4 18. Kb1 c3 19. b3 Nb6 20. Bc1 Bg7 21. Qe2
Nc4 22. Qe4 Na3+ 23. Ka1 O-O 24. Bxa3 Qxa3 25. Rb1 f5 26. Qa4 Qc5 27. Bd3 a5
28. h4 Rb8 29. h5 Rf7 30. hxg6 hxg6 31. Qh4 Re7 32. Qh7+ Kf8 33. Qxg6 a4 34.
Be4 Rb6 35. Rh7 axb3 36. Rbh1 1-0

[Event "ENCI Limburg-open A"]
[Site "Maastricht"]
[Date "2009.06.01"]
[Round "6"]
[White "Soors, Stef"]
[Black "Friesen, Boris"]
[Result "1/2-1/2"]
[WhiteElo "2241"]
[BlackElo "2114"]
[PlyCount "51"]
[EventDate "2009.05.29"]
[EventType "swiss"]
[EventRounds "7"]
[EventCountry "NED"]
[Source "P.Boonen"]
[SourceDate "2010.01.01"]

1. e4 Nf6 2. e5 Nd5 3. d4 d6 4. Nf3 g6 5. Be2 Bg7 6. O-O O-O 7. c4 Nb6 8. exd6
cxd6 9. h3 Nc6 10. Nc3 Na5 11. b3 Nc6 12. Be3 d5 13. c5 Nd7 14. Rc1 Nf6 15. Ne5
Ne4 16. Nxe4 dxe4 17. Nxc6 bxc6 18. Bc4 e6 19. b4 f5 20. Bf4 Rf7 21. Bd6 Bh6
22. Rc3 Rb7 23. d5 Qf6 24. dxe6 Bxe6 25. Qb3 Kf7 26. Rb1 1/2-1/2

[Event "ENCI Limburg-open A"]
[Site "Maastricht"]
[Date "2009.06.01"]
[Round "6"]
[White "Sprangers, Remco"]
[Black "Bijlsma, Nick"]
[Result "1-0"]
[WhiteElo "2231"]
[BlackElo "2078"]
[PlyCount "77"]
[EventDate "2009.05.29"]
[EventType "swiss"]
[EventRounds "7"]
[EventCountry "NED"]
[Source "P.Boonen"]
[SourceDate "2010.01.01"]

1. e4 c5 2. Nf3 d6 3. d4 cxd4 4. Nxd4 Nf6 5. Nc3 a6 6. Bg5 e6 7. f4 Qc7 8. Qf3
b5 9. f5 Be7 10. fxe6 fxe6 11. e5 dxe5 12. Ndxb5 Qb7 13. Qxb7 Bxb7 14. Nc7+ Kd7
15. Nxa8 Bxa8 16. O-O-O+ Kc7 17. Bd3 Bxg2 18. Rhg1 Bc6 19. Bxf6 Bxf6 20. Ne4
Rd8 21. Nc5 Kd6 22. Ne4+ Kc7 23. Rdf1 Bxe4 24. Bxe4 h6 25. Rg3 Rd4 26. Rc3+ Kd6
27. Rd3 Nd7 28. c3 Rxd3 29. Bxd3 Nc5 30. Kc2 e4 31. Bc4 a5 32. Rd1+ Ke5 33. b4
Nb7 34. Rd7 Nd6 35. Ba6 Bg5 36. c4 Bf4 37. c5 Nf5 38. b5 Nd4+ 39. Kd1 1-0